| 000 | 00991cab a2200229 4500 | ||
|---|---|---|---|
| 001 | ABS38055 | ||
| 008 | 090401t1987 xxu||||| |||| 00| 0 eng d | ||
| 035 | _a(Sirsi) u8418 | ||
| 041 | _aeng | ||
| 245 | _aSt Albans Sand and Gravel: winning ways in quarry restoration | ||
| 260 | _c1987 | ||
| 350 | _a0 | ||
| 490 |
_aENDS Report _v151 August 1987, 13-15(3) |
||
| 520 | _aThe ambiguous and often confusing MAFF approach to classifying the agricultural quality of restored land is causing the industry to rethink ideas on the restoration of sand and gravel workings. This article looks at how St Albans Sand and Gravel restored a former quarry into a nature reserve , a unique project which may become a model for future restoration programmes as the demand to conserve agricultural land diminishes. | ||
| 650 | _aFARMLAND | ||
| 650 | _aINFILL | ||
| 650 | _aLAND CLASSIFICATION | ||
| 650 | _aLAND | ||
| 690 | _aCONSERVATION AND THE ENVIRONMENT | ||
| 942 | _n0 | ||
| 948 | _c04/03/1997 | ||
| 999 |
_c5185 _d5185 |
||